=LDR 00000nam 2200000 4500 =001 INLIS000000000016381 =005 20130612111649 =008 ***********************************Ind** =035 ##$$0010-061300000016381 =041 ##$$a Ind =082 ##$$a 2x1.07 =090 ##$$a 2x1.07, Hum q =100 ##$$a Humaidi, H.M =245 ##$$a Qur'an Hadis untuk MI, Kurikulum MI 1984/GBPP 1986, H.M. Humaidi =260 ##$$a 1990 $b Solo =300 ##$$a ...jil., 21 cm =650 ##$$a Islam Al-qur'an =650 ##$$a Studi dan pengajaran =850 ##$$a NBPNMAT